| 000 | 00553nam a2200205Ia 4500 | ||
|---|---|---|---|
| 005 | 20250508170017.0 | ||
| 008 | 008 250505s9999 xx 000 0 hin d | ||
| 020 | _a978-93-50729-989-2 | ||
| 037 | _aTextual | ||
| 040 |
_aFEDL _beng _cFEDL |
||
| 041 |
_ahin _2hin |
||
| 084 |
_a302.23, GUP _qFEDL |
||
| 100 |
_aGupta Vineeta _9781151 |
||
| 245 | 0 | _aSanchar aur media shodh | |
| 260 |
_aNew Delhi, India _bVani Prakashan _c2015 |
||
| 300 | _a139p. | ||
| 365 |
_aINR _b36 |
||
| 942 |
_cTEXL _h302.23, GUP |
||
| 999 |
_c1398665 _d1398665 |
||